| 000 | 00461cam a2200193ua 4500 | ||
|---|---|---|---|
| 001 | 11695 | ||
| 008 | 191019n ii |||gr||||Z||||||eng | ||
| 020 | _a9789381084311 | ||
| 040 | _cMAIN | ||
| 041 | _aeng | ||
| 082 | _a410 | ||
| 100 |
_aR M Pandey, _eAuthor. |
||
| 245 |
_aResearch in applied linguistics _cBy R M Pandey |
||
| 250 | _a1st ed. | ||
| 260 |
_aDelhi: _bSwastik publications, _c2013. |
||
| 300 | _a264p. | ||
| 653 | _aLinguistics | ||
| 942 | _cBK | ||
| 999 |
_c10500 _d10500 |
||